Ekonomika a organizácia pre 4. ročník stredných škôl spoločného stravovania

Bibliographic Details
Main Authors: Baxa, Štefan, 1939- (Author), Kostelník, Andrej (Author), Gúčik, Marian, 1945- (Author)
Format: Book
Language:Slovak
PhysicalDescription:152 s. sch., tab. 29 cm
Published: Bratislava Slovenské pedagogické nakladateľstvo 1978
Edition:3. vyd.
Subjects:

MARC

LEADER 00000cam a2200000 a 4500
001 vtls001111704
003 SK-MaSNL
005 20260301101145.0
008 240318s1978 xo a d 00000 slo
015 |a SNBA1978 
020 |q (brož.) 
035 |a SNK000054547 
040 |a SNK  |b slo  |c SNK  |e AACR2 
041 0 |a slo 
044 |a xo  |c SK 
080 |a 64.024:330.12/.15+336(075.3)  |2 1981 
080 |a 330.12/.15  |2 1981 
080 |a 336(075.3)  |2 1981 
080 |a 658.15  |2 1981 
080 |a 64.024(075.3)  |2 1981 
100 1 |a Baxa, Štefan,  |d 1939-  |4 aut  |9 201234 
245 1 0 |a Ekonomika a organizácia pre 4. ročník stredných škôl spoločného stravovania  |c Štefan Baxa, Andrej Kostelník, Marián Gúčik 
250 |a 3. vyd. 
260 |a Bratislava  |b Slovenské pedagogické nakladateľstvo  |c 1978 
300 |a 152 s.  |b sch., tab.  |c 29 cm 
366 |e 2890 výt. 
650 0 7 |a spoločné stravovanie  |2 SNKPH  |9 68123 
650 0 7 |a ekonomika  |2 SNKPH  |9 789 
650 0 7 |a financovanie  |2 SNKPH  |9 16004 
650 0 7 |a plánovanie  |2 SNKPH  |9 15324 
655 7 |a učebnice stredných škôl  |2 SNKPH  |9 69323 
700 1 |a Kostelník, Andrej  |4 aut  |9 342884 
700 1 |a Gúčik, Marian,  |d 1945-  |4 aut  |9 198205 
958 |a OND 
999 |c 688413  |d 690343 
952 |a SNK  |b SNK  |y PREZ  |7 0  |p 17A0967491  |o snkSB 26393  |i snkKSP 2427/78  |0 0  |1 0  |4 0  |d 2014-07-02  |f 1  |l 0  |r 2026-02-23 20:18:57  |w 2026-02-23 
952 |a SNK  |b SNK  |y VYP  |7 0  |o snkSB 26393 D1  |i snkKSP 2428/78  |0 0  |1 0  |4 0  |d 2014-07-02  |l 0  |r 2026-02-23 20:18:57  |w 2026-02-23